Zeamsone - UNIWERSUM - Statystyki

Ogólne statystyki
  • Ten quiz został rozwiązany 26 razy
  • Średni wynik to 15 z 18
Statystyki odpowiedzi
Odpowiedź % Poprawnych
Cena Ambicji
100%
UNIWERSUM
100%
Ye
100%
Palm Angels
94%
Deski
88%
Dubai
88%
HIGH RIGHT NOW
88%
Kominiarka Nike
88%
A Ty śpij
82%
BIO
82%
Kolejny Rozbity Bentley
82%
PHANTOM
82%
Jeszcze Raz
76%
Z Dawnych Krain
76%
Leakosong
71%
Poszło
71%
VIP
65%
callin my name
59%
Nie znaleziono quizów pasujących do podanych kryteriów
Rozkład punktacji
Procent ludzi z każdym wynikiem
Percentyl według liczby udzielonych odpowiedzi
Twoja historia wyników
Nie rozwiązałeś tego quizu